000 03922nam a2200289 i 4500
001 Rebiun36141774
007 ta
008 241015s2024 sp a r 001 0 spa d
017 _aM 18623 -2024,
_bOficina Depósito Legal Madrid
020 _a9788419878786
040 _aUGR
_erda
_ctbs
041 1 _aSpanish
_heng
100 _aLightman, Alan
_d1948-
_eauthor.
240 1 4 _aThe transcendent brain: spirituality in the age of science.
_lSpanish
245 1 3 _aEl cerebro trascendente
_b: espiritualidad en la era de la ciencia
_c/ Alan Lightman ; traducción Equipo Pinolia
250 _aFirst edtion
264 1 _aMadrid :
_bPinolia,
_c2024
264 4 _c2024
300 _a205 pages:
_bilustrations
_c23 cm
490 _aDivulgación científica
520 3 _aContemplar las estrellas, enamorarse o escuchar música nos hace sentir una conexión trascendente con algo más grande que nosotros mismos. Sin embargo, estas experiencias no son fácilmente comprendidas por la ciencia, que sostiene que todo puede explicarse en términos de átomos y moléculas. ¿Hay espacio en nuestra visión científica del mundo para estas experiencias espirituales? El reconocido físico y novelista Alan Lightman cree que sí. Basándose en la historia intelectual y en conversaciones con científicos, filósofos y psicólogos contemporáneos, Lightman plantea preguntas provocadoras que iluminan nuestra extraña posición entre el mundo de las partículas y fuerzas y el mundo de la experiencia humana. ¿Puede el materialismo estricto explicar nuestra apreciación de la belleza? ¿O nuestros sentimientos de conexión con la naturaleza y otras personas? ¿Existe una base física para la conciencia, el más escurridizo de todos los problemas científicos? Lightman entrelaza estas investigaciones para proponer lo que denomina «materialismo espiritual»: la creencia de que podemos abrazar las experiencias espirituales sin abandonar nuestra visión científica del mundo. Según él, la amplitud de la condición humana no solo está arraigada en átomos y moléculas materiales, sino que también puede explicarse en términos de evolución darwiniana. Este libro lírico e iluminador revela que la espiritualidad no solo puede ser compatible con la ciencia, sino que también debería permanecer en el núcleo de lo que significa ser humanos.
520 3 _aStargazing, falling in love, or listening to music can make us feel a transcendent connection to something greater than ourselves. Yet these experiences are not easily grasped by science, which maintains that everything can be explained in terms of atoms and molecules. Is there room in our scientific worldview for such spiritual experiences? Renowned physicist and novelist Alan Lightman believes there is. Drawing on intellectual history and conversations with contemporary scientists, philosophers, and psychologists, Lightman poses provocative questions that illuminate our curious position between the world of particles and forces and the world of human experience. Can strict materialism account for our appreciation of beauty? Or for our feelings of connection with nature and with other people? Is there a physical basis for consciousness—the most elusive of all scientific problems? Lightman weaves together these explorations to propose what he calls “spiritual materialism”: the belief that we can embrace spiritual experiences without abandoning our scientific understanding of the world. According to him, the full scope of the human condition is not only rooted in atoms and molecules but can also be explained through Darwinian evolution. This lyrical and enlightening book reveals that spirituality is not only compatible with science—it ought to remain at the heart of what it means to be human.
650 0 _aBrain
_99635
650 0 _aSpirituality
_912525
700 _aEquipo Pinolia,
_etranslator
_925530
942 _2lcc
999 _c4775
_d4775